000 00443nam a22001817a 4500
003 MPLRDC
005 20220104123945.0
008 210129b ||||| |||| 00| 0 eng d
082 _a520.19 RSX
100 _a任时先
245 _a中国教育思想史
_c
250 _a一版
260 _a
_b商务印书馆
_c1964
300 _b
490 _a中国文化史丛书
650 _a教育思想史--中国
942 _cBK
_o520.19 RSX
999 _c15517
_d15507